000 00619nam a2200193Ia 4500
003 GCL
008 140319s9999 xx 000 0 ara d
040 _aGCL /
_cGCL
082 0 4 _a359.3257
_bج غ
100 1 _aجمال السيد
245 1 0 _aالغواصة تاريخ ومغامرات ومستقبل /
_cجمال السيد
260 _a[S.N] :
_bالهيئة المصرية العامة للكتاب ،
_c1985
300 _a135 ص
490 _aالعلم للجميع
_v0
650 0 4 _aالغواصات
650 0 4 _aغواصات الاعماق
650 0 4 _aالعلوم البحرية
942 _2ddc
_cBK
999 _c58885
_d58885